000 00664naa a2200217 a 4500
001 80318
003 BD-RjUL
005 20220908110447.0
008 220908s1963 pk ||||| |||| 00| 0 urd d
035 _a(BD-RjUL)80318
040 _aBD-RjUL
_beng
_cBD-RjUL
041 _aurd
082 _223
_a323
_bARH 1963
100 _aعرب, خليل ## Arab, Khalil
_94690
245 1 _aحقوق انسانى ## Huquqi Insani /
_cKhalil Arab # # خليل عرب
260 _aKarachi :
_bEducational press,
_c1963
300 _a272 p. ;
_c23 cm
650 _aHuman rights Religious aspects Islam
_94691
700 _aDaud, Ahmad Daud Sddiq
_94692
942 _2ddc
_cBK
999 _c80318
_d80318